000
00196 a2200097 4500
020
_a
9788471319364
041
_a
spa
100
_a
Barbara Gallavotti
245
_a
La vida en la Tierra
942
_c
BK
999
_c
15236
_d
15236